000
002900000a22001330004500
020
_a
950-724-526-X
082
0
4
_a
T E 170 M489m
100
1
_a
Mello, Anthony de
245
1
0
_a
Lo mejor de Anthony de Mello
260
_a
Buenos Aires : Lumen
300
_a
107 P.
001
201
942
_c
LGB
999
_c
47458
_d
47458